Alaska /

Two teenagers challenge both nature and themselves on a death-defying mission, as they set out to rescue their father in the arctic wilderness of Alaska where his plane has crashed, rescuing an amazingly friendly polar bear cub from a poacher along the way.

Bibliographic Details
Corporate Authors: Turner Broadcasting System, Inc, Castle Rock Entertainment (Firm), Warner Bros. Family Entertainment (Firm)
Other Authors: Heston, Fraser C. (Fraser Clarke), Fuchs, Carol, Burg, Andy, Myers, Scott, 1953-, Birch, Thora, Kartheiser, Vincent, 1979-, Benedict, Dirk, Heston, Charlton, Powell, Reg
Format: Video DVD
Language:English
French
Language Notes:Soundtracks in English and [dubbed] French; subtitles in English, French, Spanish, Portuguese, Chinese, Bahasa and Thai.
Closed-captioned in English for the hearing impaired.
Published: [Burbank, Calif.] : Warner Bros. Family Entertainment, [2002]
Edition:Standard version.
Subjects:

MARC

Tag First Indicator Second Indicator Subfields
LEADER 00000cgm a2200000Ka 4500
001 in00002783591
005 20150922151747.0
007 vd cvaizs
008 021001s2002 cau109 g vleng d
020 |a 079076881X 
020 |a 9780790768816 
024 1 0 |a 053939256222 
028 4 2 |a C2562  |b Warner Bros. Family Entertainment 
035 |a (OCoLC)ocm50705858 
035 |a (OCoLC)50705858 
040 |a QDK  |b eng  |c QDK  |d OCLCQ  |d RCS  |d OCLCQ  |d EHH  |d XY4  |d Q2Z  |d UPZ  |d OCLCA  |d OCLCQ  |d UtOrBLW 
041 1 |a eng  |a fre  |j chi  |j eng  |j fre  |j ind  |j por  |j spa  |j tha  |h eng 
043 |a n-us-ak 
049 |a TXAM 
050 1 4 |a PN1997.A43  |b A43 2002 
082 0 4 |a 791.43/72  |2 22 
090 |a PN1997  |b .A422 2002 
245 0 0 |a Alaska /  |c Castle Rock Entertainment presents a Fuchs/Burg production ; a Fraser C. Heston film ; Turner Broadcasting System ; produced by Carol Fuchs and Andy Burg ; written by Andy Burg & Scott Myers ; directed by Fraser C. Heston. 
250 |a Standard version. 
264 1 |a [Burbank, Calif.] :  |b Warner Bros. Family Entertainment,  |c [2002] 
300 |a 1 videodisc (109 min.) :  |b sound, color ;  |c 4 3/4 in. 
336 |a two-dimensional moving image  |b tdi  |2 rdacontent 
337 |a video  |b v  |2 rdamedia 
338 |a videodisc  |b vd  |2 rdacarrier 
538 |a DVD; region 1; full screen (1.33:1); Dolby digital surround stereo. 
546 |a Soundtracks in English and [dubbed] French; subtitles in English, French, Spanish, Portuguese, Chinese, Bahasa and Thai. 
546 |a Closed-captioned in English for the hearing impaired. 
511 1 |a Thora Birch, Vincent Kartheiser, Dirk Benedict, Charlton Heston. 
508 |a Director of photography, Tony Westman; production designer, Douglas Higgins; editor, Rob Kobrin; music by Reg Powell. 
500 |a Originally released as a motion picture in 1996. 
500 |a "Standard version: This film has been modified as follows from its original version: it has been formatted to fit your screen."--Container. 
521 8 |a MPAA rating: PG; for some mild language and adventure/peril. 
520 |a Two teenagers challenge both nature and themselves on a death-defying mission, as they set out to rescue their father in the arctic wilderness of Alaska where his plane has crashed, rescuing an amazingly friendly polar bear cub from a poacher along the way. 
500 |a Special features: Behind-the-scenes featurette; interactive adventure about Alaska; theatrical trailer. 
500 |a Videorecording. 
651 0 |a Alaska  |v Drama. 
650 0 |a Teenagers  |v Drama. 
650 0 |a Rescues  |v Drama. 
655 7 |a Action and adventure films.  |2 lcgft 
655 7 |a Feature films.  |2 lcgft 
655 7 |a Fiction films.  |2 lcgft 
655 7 |a Video recordings for the hearing impaired.  |2 lcgft 
700 1 |a Heston, Fraser C.  |q (Fraser Clarke) 
700 1 |a Fuchs, Carol. 
700 1 |a Burg, Andy. 
700 1 |a Myers, Scott,  |d 1953- 
700 1 |a Birch, Thora. 
700 1 |a Kartheiser, Vincent,  |d 1979- 
700 1 |a Benedict, Dirk. 
700 1 |a Heston, Charlton. 
700 1 |a Powell, Reg. 
710 2 |a Turner Broadcasting System, Inc. 
710 2 |a Castle Rock Entertainment (Firm) 
710 2 |a Warner Bros. Family Entertainment (Firm) 
994 |a C0  |b TXA 
948 |a cataloged  |b h  |c 2012/12/6  |d c  |e blrosas  |f 4:20:12 pm 
999 |a MARS 
999 f f |s 6971b990-4992-3648-bd76-b8852dceaf57  |i bb4dddab-83c2-321d-9e69-f6f070e2a60b  |t 0 
952 f f |p dvd  |a Texas A&M University  |b College Station  |c Sterling C. Evans Library  |d Evans: Media and Reserves (Annex 1st floor)  |t 0  |e PN1997 .A422 2002  |h Library of Congress classification  |i video -- videodisc  |m A14841626618 
998 f f |a PN1997 .A422 2002  |t 0  |l Evans: Media and Reserves (Annex 1st floor)